[Event "Wch Seniors 65 29th"]
[Site "Bucharest"]
[Date "2019.11.18"]
[Round "6"]
[White "Yuksel, Mustafa"]
[Black "Cornea, Alexandru"]
[Result "1-0"]
[WhiteElo "2047"]
[BlackElo "1675"]
[PlyCount "129"]
[EventDate "2019.11.12"]
[EventType "swiss"]
[EventRounds "11"]
[EventCountry "ROU"]
[SourceTitle "CBM 193 Extra"]
[Source "ChessBase"]
[SourceDate "2020.01.31"]
[SourceVersion "1"]
[SourceVersionDate "2020.01.31"]
[SourceQuality "1"]

1. d4 e6 2. Bf4 b6 3. e4 d5 4. exd5 exd5 5. Bb5+ c6 6. Qe2+ Be7 7. Bxb8 Rxb8 8. Bxc6+ Kf8 9. Bb5 Nf6 10. Nd2 g6 11. Ngf3 Qc7 12. c3 Ra8 13. Ne5 Bb7 14. Qf3 Kg7 15. 0-0 Rhf8 16. Bd3 Bd6 17. Rfe1 Rae8 18. Ng4 Nxg4 19. Qxg4 Bxh2+ 20. Kf1 Bd6 21. Nf3 h6 22. Nh4 Bc8 23. Qf3 Be7 24. g3 Bxh4 25. gxh4 Qh2 26. Re3 Rxe3 27. fxe3 Qxh4 28. Kg2 Re8 29. Rf1 Re7 30. Rh1 Qg5+ 31. Kf2 Re6 32. Rg1 Qh4+ 33. Qg3 Rf6+ 34. Ke1 Qh5 35. Be2 Qf5 36. Kd2 Qf2 37. c4 dxc4 38. Qxf2 Rxf2 39. e4 b5 40. Ke3 Rf6 41. d5 a6 42. e5 Rf5 43. Ke4 g5 44. Kd4 Rf4+ 45. Ke3 Kg6 46. Rh1 Bb7 47. Rd1 Bc8 48. Rh1 Bf5 49. Bf3 Bd7 50. Be4+ Kg7 51. b3 Rh4 52. Rxh4 gxh4 53. bxc4 bxc4 54. Kd4 Bb5 55. Bf5 Kf8 56. Kc5 Ke7 57. Kb4 Bd7 58. Be4 h3 59. Kxc4 Bb5+ 60. Kd4 Bf1 61. Ke3 f5 62. Bxf5 Bg2 63. d6+ Ke8 64. Kf2 Bc6 65. Kg3 1-0

[Event "EU-chT Seniors"]
[Site "Vienna"]
[Date "2015.07.16"]
[Round "5.14"]
[White "Vinke, Dietmar"]
[Black "Yuksel, Mustafa"]
[Result "1/2-1/2"]
[WhiteElo "2162"]
[BlackElo "2010"]
[PlyCount "44"]
[EventDate "2015.07.12"]
[EventType "team-swiss"]
[EventRounds "9"]
[EventCountry "AUT"]
[SourceTitle "EXT 2018"]
[Source "ChessBase"]
[SourceDate "2017.10.13"]
[SourceVersion "1"]
[SourceVersionDate "2017.10.13"]
[SourceQuality "1"]
[WhiteTeam "Finland"]
[BlackTeam "Turkey"]
[WhiteTeamCountry "FIN"]
[BlackTeamCountry "TUR"]

1. Nf3 c5 2. g3 Nc6 3. Bg2 d5 4. 0-0 e6 5. d3 g6 6. Nbd2 Bg7 7. e4 Nge7 8. Re1 b6 9. h4 h6 10. e5 g5 11. hxg5 hxg5 12. Nxg5 Nxe5 13. Nf1 a5 14. a3 Ra7 15. Rb1 Kf8 16. Nh3 N7g6 17. b4 axb4 18. axb4 Nc6 19. bxc5 bxc5 20. Nf4 Nxf4 21. Bxf4 Bc3 22. Bd2 Qa5 1/2-1/2

[Event "EU-ch Seniors 13th"]
[Site "Plovdiv"]
[Date "2013.03.16"]
[Round "6"]
[White "Maman, Emanuel"]
[Black "Yuksel, Mustafa"]
[Result "0-1"]
[WhiteElo "1942"]
[BlackElo "2080"]
[PlyCount "32"]
[EventDate "2013.03.11"]
[EventType "swiss"]
[EventRounds "9"]
[EventCountry "BUL"]
[SourceTitle "CBM 153 Extra"]
[Source "ChessBase"]
[SourceDate "2013.04.22"]
[SourceVersion "1"]
[SourceVersionDate "2013.04.22"]
[SourceQuality "1"]

1. e4 e6 2. d4 d5 3. Nd2 h6 4. Bd3 c5 5. c3 Nf6 6. e5 Nfd7 7. Ne2 Nc6 8. 0-0 Qb6 9. a3 cxd4 10. cxd4 Nxd4 11. Nxd4 Qxd4 12. Nf3 Qb6 13. Qa4 Bc5 14. Qg4 Kf8 15. b4 Be7 16. Be3 Qd8 0-1

[Event "TUR-ch"]
[Site "Antalya"]
[Date "2013.02.06"]
[Round "7"]
[White "Yuksel, Mustafa"]
[Black "Ozmen, Mustafa Lutfi Poyra"]
[Result "1-0"]
[WhiteElo "2079"]
[BlackElo "1765"]
[PlyCount "81"]
[EventDate "2013.02.02"]
[EventType "swiss"]
[EventRounds "11"]
[EventCountry "TUR"]
[SourceTitle "CBM 152 Extra"]
[Source "ChessBase"]
[SourceDate "2013.02.25"]
[SourceVersion "1"]
[SourceVersionDate "2013.02.25"]
[SourceQuality "1"]

1. d4 Nf6 2. Nf3 e6 3. Bf4 c5 4. e3 b6 5. Nbd2 Bb7 6. Bd3 Be7 7. h3 d6 8. 0-0 Nbd7 9. c3 0-0 10. Bh2 a6 11. a4 Bc6 12. Qe2 Qc8 13. Nc4 Qc7 14. b4 b5 15. Na5 c4 16. Nxc6 Qxc6 17. Bc2 Ne4 18. Ra3 f5 19. Rfa1 Nb6 20. Nd2 Bh4 21. f3 Nxd2 22. Qxd2 Bg5 23. Qe1 Nd5 24. f4 Bh6 25. e4 Nxf4 26. Bxf4 Bxf4 27. exf5 Rae8 28. axb5 axb5 29. fxe6 d5 30. Ra6 Qc7 31. Qh4 Bh6 32. Re1 Rf6 33. Qh5 Qc8 34. Rd6 Rfxe6 35. Qxd5 Kf7 36. Rf1+ Ke7 37. Bxh7 Be3+ 38. Kh1 Rd8 39. Rxe6+ Qxe6 40. Qxe6+ Kxe6 41. Re1 1-0

[Event "TUR-ch"]
[Site "Kemer"]
[Date "2012.02.03"]
[Round "8"]
[White "Yuksel, Mustafa"]
[Black "Yilmaz, Turhan"]
[Result "1/2-1/2"]
[WhiteElo "2021"]
[BlackElo "2254"]
[PlyCount "148"]
[EventDate "2012.01.29"]
[EventType "swiss"]
[EventRounds "10"]
[EventCountry "TUR"]
[SourceTitle "CBM 146 Extra"]
[Source "ChessBase"]
[SourceDate "2012.02.29"]
[SourceVersion "1"]
[SourceVersionDate "2012.02.29"]
[SourceQuality "1"]

1. d4 Nf6 2. Nf3 g6 3. c4 Bg7 4. Nc3 0-0 5. e4 d6 6. h3 e5 7. d5 Na6 8. Be3 Nc5 9. Nd2 a5 10. Be2 Ne8 11. Nb3 b6 12. Nxc5 dxc5 13. g4 Nd6 14. Qd2 f5 15. gxf5 gxf5 16. Bh6 Bxh6 17. Qxh6 Qf6 18. Qxf6 Rxf6 19. Bd3 f4 20. f3 Rg6 21. Kf2 Bd7 22. a4 Kf7 23. b3 Rag8 24. Bf1 Rh6 25. h4 Rhg6 26. Rd1 Ke7 27. Ne2 Ne8 28. Rh2 Nf6 29. Nc3 Rh6 30. Bg2 Rgg6 31. Re1 Rh5 32. Reh1 Rgh6 33. Kg1 Kd6 34. Kf2 Ng8 35. Kg1 Ne7 36. Bh3 Bxh3 37. Rxh3 Ng6 38. Kf2 Rxh4 39. Rxh4 Rxh4 40. Rxh4 Nxh4 41. Nb5+ Kd7 42. Nc3 c6 43. Nd1 Kd6 44. Nc3 h6 45. Nd1 cxd5 46. exd5 Nf5 47. Nc3 Nd4 48. Ne4+ Ke7 49. Nd2 Kf6 50. Kg2 Kf5 51. Kf2 h5 52. Kg2 Nc2 53. Kf2 Ne3 54. Kg1 Kg6 55. Kf2 Nf5 56. Kg2 Nd4 57. Kf2 Kg7 58. Kg2 Kf7 59. Kf2 Kg6 60. Kg2 h4 61. Kh3 Kh5 62. Kg2 Kg6 63. Kh3 Kg5 64. Ne4+ Kf5 65. Nd2 Kg5 66. Ne4+ Kg6 67. Nd2 Kh5 68. Kg2 Nf5 69. Kh3 Nh6 70. Ne4 Nf7 71. Kg2 Kg6 72. Kh2 Kh6 73. Kg2 Kg6 74. Kh2 Kh6 1/2-1/2

[Event "TUR-ch op"]
[Site "Antalya"]
[Date "2008.02.09"]
[Round "10.22"]
[White "Pekol, Erdem"]
[Black "Yuksel, Mustafa"]
[Result "0-1"]
[WhiteElo "1849"]
[BlackElo "2038"]
[PlyCount "38"]
[EventDate "2008.02.04"]
[EventType "swiss"]
[EventRounds "11"]
[EventCountry "TUR"]
[SourceTitle "CBM 122 Extra"]
[Source "ChessBase"]
[SourceDate "2008.03.04"]
[SourceVersion "1"]
[SourceVersionDate "2008.03.04"]
[SourceQuality "1"]

1. d4 Nf6 2. Nf3 g6 3. e3 Bg7 4. b3 0-0 5. Bb2 c5 6. Bd3 Nc6 7. a3 d6 8. h3 Re8 9. Nbd2 e5 10. dxe5 dxe5 11. Ne4 Bf5 12. Nxf6+ Qxf6 13. Bxf5 Qxf5 14. Nh2 Rad8 15. Qc1 Rd7 16. 0-0 Red8 17. c4 Rd2 18. Qb1 Rc2 19. Rc1 Qxf2+ 0-1

[Event "TUR-ch op"]
[Site "Antalya"]
[Date "2008.02.06"]
[Round "6.19"]
[White "Akyildiz, Baris"]
[Black "Yuksel, Mustafa"]
[Result "1-0"]
[WhiteElo "1828"]
[BlackElo "2038"]
[PlyCount "121"]
[EventDate "2008.02.04"]
[EventType "swiss"]
[EventRounds "11"]
[EventCountry "TUR"]
[SourceTitle "CBM 122 Extra"]
[Source "ChessBase"]
[SourceDate "2008.03.04"]
[SourceVersion "1"]
[SourceVersionDate "2008.03.04"]
[SourceQuality "1"]

1. e4 e6 2. d4 d5 3. Nd2 Nf6 4. Bd3 c5 5. exd5 exd5 6. dxc5 Bxc5 7. Ngf3 0-0 8. 0-0 Nc6 9. Nb3 Bb6 10. h3 Ne4 11. c3 Qf6 12. Bc2 Be6 13. Nbd4 h6 14. Be3 Rac8 15. Nxe6 fxe6 16. Bxb6 axb6 17. Bxe4 dxe4 18. Nh2 b5 19. a3 Na5 20. Qe2 Nc4 21. Ng4 Qf4 22. Ne3 Rc5 23. Nxc4 bxc4 24. Rae1 Rd8 25. Qxe4 Qxe4 26. Rxe4 Rd2 27. Rb1 e5 28. Kf1 Kf7 29. Ke1 Rd6 30. Rd1 Rb6 31. Rd2 Kf6 32. Kd1 Kf5 33. f3 h5 34. Kc1 Rg6 35. Rde2 Rd6 36. g4+ hxg4 37. hxg4+ Kf6 38. f4 exf4 39. Rxf4+ Kg5 40. Ree4 b5 41. a4 Rcd5 42. Rf2 Rc6 43. axb5 Rxb5 44. Rff4 Rbc5 45. Rd4 Rc7 46. Kc2 g6 47. Rfe4 R7c6 48. Kd2 Rb6 49. Rxc4 Rxc4 50. Rxc4 Rxb2+ 51. Kd3 Rg2 52. Re4 Rxg4 53. Rxg4+ Kxg4 54. Ke4 Kg5 55. Ke5 Kh6 56. c4 Kg7 57. c5 Kf7 58. Kd6 Ke8 59. Kc7 g5 60. c6 g4 61. Kb8 1-0